| 000 | 00887nam a2200253Ia 4500 | ||
|---|---|---|---|
| 003 | OSt | ||
| 005 | 20220923211500.0 | ||
| 006 | a|||||r|||| 00| 0 | ||
| 007 | ta | ||
| 008 | Pun | ||
| 020 |
_a9789352042296 (hbk) _c295 |
||
| 024 | _a290,312 | ||
| 037 |
_b971, 16/12/2015, H.K. Prakashan _cTextual |
||
| 040 |
_aARTS _cARTS _bPun |
||
| 041 |
_2Pun _aPun |
||
| 082 | _aO153,3N53:g, Q5 | ||
| 100 | _aਸੰਧੂ, ਰਾਜਿੰਦਰ ਕੌਰ | ||
| 245 | 0 | _aਕਰਮਜੀਤ ਸਿੰਘ ਕੁੱਸਾ ਦੇ ਨਾਵਲਾਂ ਦਾ ਚਿਹਨ ਪ੍ਰਬੰਧ | |
| 260 |
_aਚੰਡੀਗੜ _b ਯੂਨੀਸਟਾਰ _c2015 |
||
| 300 |
_a128ਪੰ _ccm. |
||
| 650 | _aਪੰਜਾਬੀ ਸਾਹਿਤ | ||
| 942 |
_hO153,3N53:g, Q5 _cTEXL _2CC |
||
| 999 |
_c299987 _d299987 |
||